Miley Cyrus - Flowers (Type Last Word of Each Line) - Statistics

General Stats
  • This quiz has been taken 15 times
  • The average score is 39 of 46
Answer Stats
Line with Missing Word Last Word % Correct
I can take myself... Dancing
100%
I can buy myself... Flowers
100%
I can buy myself... Flowers
100%
I can buy myself... Flowers
100%
And I can hold my own... Hand
100%
I can hold my own... Hand
100%
I can hold my own... Hand
100%
Talk to myself for... Hours
100%
Talk to myself for... Hours
100%
Write my name in the... Sand
100%
Write my name in the... Sand
100%
Write my name in the... Sand
100%
Say things you don't... Understand
100%
Say things you don't... Understand
100%
Say things you don't... Understand
100%
Built a home and watched it... Burn
93%
Yeah, I can love me better than you... Can
93%
Yeah, I can love me better than you... Can
93%
Yeah, I can love me better than you... Can
93%
Started to cry, but then remembered... I
93%
Started to cry, but then remembered... I
93%
Can love me better,... I
93%
Started to cry, but then remembered... I
93%
Can love me better,... I
93%
I forgive every word you... Said
86%
Can love me better, I can love me better,... Baby
79%
Can love me better, I can love me better,... Baby
79%
Can love me better, I can love me better,... Baby
79%
Can love me better, I can love me better,... Baby
79%
Can love me better, I can love me better,... Baby
79%
Can love me better, I can love me better,... Baby
79%
Can love me better, I can love me better,... Baby
79%
Can love me better, I can love me better,... Baby
79%
Ooh, I didn't wanna leave you, baby, I didn't wanna... Fight
79%
I didn't wanna leave you, I didn't wanna... Fight
79%
No remorse, no... Regret
79%
Kinda dream that can't be... Sold
79%
We were right 'til we... Weren't
79%
We were good, we were... Gold
71%
Talk to myself for hours,... Yeah
71%
I can take myself dancing,... Yeah
71%
I can take myself dancing,.... Yeah
71%
Paint my nails... Cherry-red
64%
Yeah, I can love me better... Than
57%
Match the roses that you... Left
50%
Mm, I didn't wanna leave you, I didn't wanna... Lie
43%
No matching quizzes found
Score Distribution
Percent of People with Each Score
Percentile by Number Answered
Your Score History
You have not taken this quiz